000 00327nam a22001337a 4500
008 171023b xxu||||| |||| 00| 0 eng d
020 _a0130662666
041 _aeng
080 _a338
100 _a54
101 _aMEN
245 _aBASIC PROGRAMS FOR PRODUCTION AND OPERATIONS MANAGEMENT
_cPANTUMSINCHAI,P
942 _2udc
_cBK
999 _c35430
_d35430